[Event "GER-chT U20 Girls"]
[Site "Magdeburg"]
[Date "2023.12.28"]
[Round "4.5"]
[White "Bohatyrova, Natalia"]
[Black "Richter, Anastasia"]
[Result "1/2-1/2"]
[WhiteElo "1506"]
[BlackElo "1353"]
[PlyCount "120"]
[EventDate "2023.12.26"]
[EventType "team-swiss"]
[EventRounds "7"]
[EventCountry "GER"]
[SourceTitle "CB03_2024"]
[SourceDate "2024.01.17"]
[SourceVersion "1"]
[SourceVersionDate "2024.01.17"]
[SourceQuality "1"]
[WhiteTeam "Erkenschwick"]
[BlackTeam "Koenigsjaeger Sued West"]
[WhiteTeamCountry "GER"]
[BlackTeamCountry "GER"]

1. e4 e5 2. Nf3 Nc6 3. Bc4 Nf6 4. Nc3 Nxe4 5. Nxe4 d5 6. Bxd5 Qxd5 7. d3 Bf5 8. Nc3 Qd7 9. Qe2 0-0-0 10. Bd2 Nd4 11. Nxd4 exd4 12. Ne4 Bg6 13. 0-0 f5 14. Ng3 Bd6 15. h3 h5 16. Bg5 Rdf8 17. Qd2 f4 18. Ne4 Bxe4 19. dxe4 f3 20. Qd3 Be7 21. Bxe7 Qxe7 22. g3 Qd7 23. Kh2 Qd6 24. Kg1 h4 25. g4 Rf4 26. Rfe1 Qg6 27. Kh2 Qf7 28. Rg1 Rh6 29. Qxd4 b6 30. Qd5 Qxd5 31. exd5 Rc4 32. c3 Rd6 33. Rad1 Rc5 34. Rge1 Rcxd5 35. Rxd5 Rxd5 36. Kg1 Kd7 37. b4 Rd2 38. Re3 Rxa2 39. Rxf3 Ke6 40. Kf1 Rd2 41. Ke1 Rd7 42. g5 Rf7 43. Rxf7 Kxf7 44. Kd2 Kg6 45. b5 Kxg5 46. Ke3 Kf5 47. c4 Ke5 48. f4+ Kd6 49. Ke4 g6 50. Kd4 c6 51. Ke4 cxb5 52. cxb5 Kc5 53. Ke5 Kxb5 54. Kf6 a5 55. Kxg6 a4 56. f5 a3 57. f6 a2 58. f7 a1Q 59. f8Q Qg1+ 60. Kh6 Qe3+ 1/2-1/2